| 000 | 01004nam a2200265 i 4500 | ||
|---|---|---|---|
| 001 | 000046099 | ||
| 003 | DO-SdBNP | ||
| 005 | 20241022104532.0 | ||
| 007 | ta | ||
| 008 | 150619s1982 dr ac 000 0 spa d | ||
| 040 |
_aDO-SdBNP _bspa _cBNPHU _erda |
||
| 041 | _hspa | ||
| 082 |
_axx _bB483a _222 |
||
| 100 | 1 |
_aBeras Morales, Sergio Augusto _eautor _974166 |
|
| 245 | 1 | 0 |
_aAlbum del cincuentenario de San Pedro de Macorís : _b1882-1932 / _cSergio Augusto Beras Morales, Telesforo A. Zuleta y De Soto, Luis H. Dalmau Febles ; edición autorizada por el Comité Directivo Pro-Cincuentenario. |
| 250 | _aReimpresión facsímil de la edición publicada 1933. | ||
| 264 |
_aSan Pedro de Macorís : _bUniversidad Central del Este, _c1982. |
||
| 300 |
_aPáginas variadas : _bilustraciones retratos. ; _c21 cm. |
||
| 336 |
_ardacontent _btexto _2txt |
||
| 337 |
_ardamedia _bsin mediación _2n |
||
| 338 |
_ardacarrier _bvolumen _2nc |
||
| 590 | _aInventariado, 2024/DG | ||
| 910 | _aDG | ||
| 942 |
_2ddc _cLBS1 |
||
| 999 |
_c45588 _d45588 |
||